| 000 | 00742nam a22002297a 4500 | ||
|---|---|---|---|
| 005 | 20240530110428.0 | ||
| 008 | 150328s2007 ua g |||| 000 j ara d | ||
| 017 |
_a2002/18787 _bمصر . دار الكتب المصرية |
||
| 020 | _a9770908797 | ||
| 040 | _aEG-CaGPL | ||
| 082 | 0 | 4 |
_221 _a813.01\ _bإ خ |
| 100 | 0 | _aابراهيم اصلان | |
| 245 | 1 | 0 |
_aخلوة الغلبان / _bابراهيم اصلان |
| 250 | _aط3 | ||
| 260 |
_aالقاهرة : _bدار الشروق ، _c2007 |
||
| 300 |
_a135 ص ؛ _c22 سم |
||
| 650 | 0 | 4 | _aالقصة العربية |
| 650 | 0 | 4 | _aالقصص الغربية القصيرة |
| 650 | 0 | 4 | _aالقصص العربية |
| 942 |
_2ddc _cBK |
||
| 999 |
_c60788 _d60788 |
||